000
00317nam a22001457a 4500
008
221130b ||||| |||| 00| 0 eng d
020
_a
9780826411280
041
_a
eng
080
_a
159.9
082
_a
159.9 FOR
100
_a
25
101
_a
PSI
245
_a
LOVE DOES NO HARM
_c
FORTUNE M M
942
_2
udc
_c
BK
999
_c
59051
_d
59051